Every Place In Columbia County, WI - Statistics

General Stats
  • This quiz has been taken 2 times
  • The average score is 5 of 17
Answer Stats
Letter Population Answer % Correct
C 5,378 Columbus
100%
P 9,670 Portage
100%
A 820 Arlington
50%
D 12,980 DeForest
50%
L 3,202 Lodi
50%
P 2,351 Pardeeville
50%
P 2,951 Poynette
50%
C 765 Cambria
0%
D 272 Doylestown
0%
F 1,852 Fall River
0%
F 311 Friesland
0%
P 4,325 Prairie Du Sac
0%
R 1,744 Randolph
0%
R 1,126 Rio
0%
W 1,565 West Baraboo
0%
W 3,227 Wisconsin Dells
0%
W 718 Wyocena
0%
No matching quizzes found
Score Distribution
Percent of People with Each Score
Percentile by Number Answered
Your Score History
You have not taken this quiz